| 000 | 00375nam a2200145Ia 4500 | ||
|---|---|---|---|
| 005 | 20250623024122.0 | ||
| 008 | 240331s9999 xx 000 0 und d | ||
| 082 |
_bMIY _a330 p ., |
||
| 100 | _aMiyradal,G | ||
| 245 | 0 | _aDilindubawe abhiyogaya | |
| 260 |
_aColombo _bInstitute of Roads _c1975 |
||
| 300 | _a283 p ., | ||
| 500 | _aA book on the Challenge of Poverty | ||
| 942 | _cL | ||
| 999 |
_c5062 _d5062 |
||